[Event "Auckland North Shore op"]
[Site "Auckland"]
[Date "2025.05.21"]
[Round "5"]
[White "Wang, Tilden"]
[Black "Ye, Jeremy Jinhe"]
[Result "1-0"]
[WhiteElo "1585"]
[BlackElo "1411"]
[PlyCount "75"]
[EventDate "2025.04.16"]
[EventType "swiss"]
[EventRounds "5"]
[EventCountry "NZL"]
[SourceTitle "CB23_2025"]
[SourceDate "2025.06.04"]
[SourceVersion "1"]
[SourceVersionDate "2025.06.04"]
[SourceQuality "1"]

1. c4 e6 2. Nc3 d5 3. cxd5 exd5 4. d4 Nf6 5. Bf4 c6 6. e3 Bd6 7. Bxd6 Qxd6 8. Nf3 0-0 9. h3 Bf5 10. Bd3 Bxd3 11. Qxd3 Re8 12. 0-0 Nbd7 13. Rfe1 Ne4 14. Nd2 Nxd2 15. Qxd2 Nf6 16. Re2 Re7 17. Rae1 Rae8 18. Qc2 a6 19. e4 dxe4 20. Nxe4 Qxd4 21. Nxf6+ gxf6 22. Rxe7 Rxe7 23. Rxe7 Kg7 24. Re4 Qd8 25. Rg4+ Kh8 26. Re4 Kg8 27. Qe2 Kf8 28. Qe1 b6 29. Qc3 c5 30. Re2 Qd1+ 31. Qe1 Qd7 32. Rd2 Qc7 33. Qe4 Kg8 34. Qe8+ Kg7 35. Rd7 Qf4 36. Qxf7+ Kh6 37. Qxh7+ Kg5 38. Rg7# 1-0